000 00803nam a2200253 i 4500
001 bg
100 1 _aCOURTER, Gini
245 1 0 _aOffice 2000 Pl /
_cGini Courter, Annette Marquis.
246 _iTyt. oryg.:
_aMicrosoft Office 2000. No Experience required
260 _a[Warszawa] :
_bEXIT,
_c1999.
300 _a516 s. :
_brys. ;
_c23 cm.
500 _aTyt.oryg.: "Microsoft Office 2000. No Experience required".
650 9 _aMicrosoft Office
655 _aPodręczniki
700 1 _aMARQUIS, Annette
020 _a838767415X
040 _cBPK
041 1 _apl
_hen
080 _a004.4(07)
920 _a83-87674-15-X
942 _cKS
008 s pl f |000 0 pol
856 _uhttp://koha.tu.koszalin.pl/cgi-bin/koha/opac-detail.pl?biblionumber=36206
_yKatalog online BPK
999 _c36206
_d36206